Statistics for UEFA Champions League Winning British Footballers (Football) (Soccer)

Click here to take the quiz!

General Stats

  • This quiz has been taken 3,341 times
    (2,779 since last reset)
  • The average score is 14 of 25

Answer Stats

Answer % Correct
Frank Lampard - Chelsea - 2012
87%
Steven Gerrard - Liverpool - 2005
83%
Paul Scholes - Manchester United - 2008
82%
David Beckham - Manchester United - 1999
80%
Ashley Cole - Chelsea - 2012
77%
Andy Cole - Manchester United - 1999
77%
Ryan Giggs - Manchester United - 2008
75%
Wayne Rooney - Manchester United - 2008
75%
Ryan Giggs - Manchester United - 1999
75%
Gary Neville - Manchester United - 1999
69%
Rio Ferdinand - Manchester United - 2008
67%
Gareth Bale - Real Madrid - 2014
57%
Gareth Bale - Real Madrid - 2016
57%
Jamie Carragher - Liverpool - 2005
56%
Teddy Sheringham - Manchester United - 1999
50%
Nicky Butt - Manchester United - 1999
44%
Michael Carrick - Manchester United - 2008
42%
Gary Cahill - Chelsea - 2012
39%
Wes Brown - Manchester United - 2008
33%
Owen Hargreaves - Manchester United - 2008
32%
Owen Hargreaves - Bayern Munich - 2001
32%
Steve McManaman - Real Madrid - 2002
30%
Steve McManaman - Real Madrid - 2000
30%
Ryan Bertrand - Chelsea - 2012
29%
Paul Lambert - Borussia Dortmund - 1997
18%

Score Distribution

Percentile by Number Answered

Percent of People with Each Score

Your Score History

You have not taken this quiz since the last reset